History Quiz

Random History or City Quiz

English cities before 1066 Quiz Stats

 Plays Quiz not verified by Sporcle

Score 0/11 Timer 06:00
0 Plays Today
% Correct
London
97.8%
York
86.2%
Canterbury
63.5%
Winchester
54.1%
Bath
45.3%
Exeter
44.2%
Durham
36.5%
Worcester
35.4%
Carlisle
32%
Ely
31.5%
Chichester
24.3%

You're not logged in!

Compare scores with friends on all Sporcle quizzes.
OR
Log In

Show Comments

Extras

Created Dec 28, 2012ReportNominate
Tags:City Quiz, 1066, before, English

Top Quizzes Today


Score Distribution

Your Account Isn't Verified!

In order to create a playlist on Sporcle, you need to verify the email address you used during registration. Go to your Sporcle Settings to finish the process.

Report this User

Report this user for behavior that violates our Community Guidelines.

Details: